| 000 | 00626cam a22002411 4500 | ||
|---|---|---|---|
| 001 | sa 68015019 | ||
| 003 | DLC | ||
| 005 | 20260227112638.0 | ||
| 008 | 890907m19639999ii 000 0 hino | ||
| 010 | _asa 68015019 | ||
| 035 | _a(OCoLC)20311285 | ||
| 040 |
_aDLC _cWaU _dDLC |
||
| 042 | _apremarc | ||
| 043 | _aa-ii--- | ||
| 050 | 0 | 0 |
_aDS485.U62 _bA5 |
| 110 | 1 |
_aUttar Pradesh (India). _bInformation Department. |
|
| 245 | 1 | 0 | _aSvatantratā-saṅgrāma ke sainika. |
| 260 | _c[1963- | ||
| 300 |
_av. _c22 cm. |
||
| 500 | _aIn Hindi. | ||
| 651 | 0 |
_aUttar Pradesh (India) _vBiography. |
|
| 700 | 1 | _aBhattacharji, S. P. | |
| 999 |
_c86167 _d86167 |
||